Matilde, a galinha diferente (Registo nº 3270)

Detalhes MARC
000 -Etiqueta do registo
Cabeçalho 00910nam a22003011 4500
005 - Identificador da versão
Campo de controlo 20240813121957.0
010 ## - Número internacional normalizado dos livros (ISBN)
Número (ISBN) 9727508502
021 ## - Número do Depósito Legal
Código do país PT
Número 163426/01
100 ## - Dados gerais de processamento
Dados gerais de processamento 20020627g2001 c y0pory5003 ba
102 ## - Pais de publicação ou produção
País de publicação Portugal
101 0# - Língua de publicação
Língua do texto, banda sonora, etc. Português
106 ## - Campo de dados codificados: material textual
Dados codificados do material textual r
105 ## - Campo de dados codificados: livros
Dados codificados dos livros a z 000yy
215 ## - Descrição física 
Indicação específica da natureza do documento e extensão da espécie 45, [3] p.
Outras indicações físicas il.
Dimensões 21 cm
200 1# - Titulo e menção de responsabilidade
Título próprio Matilde, a galinha diferente
Primeira menção de responsabilidade Zacarias
Outras menções de responsabilidade il. Miguel Corte Real, Micky, Miguel Cabral
225 2# - Colecção 
Título próprio da colecção Montanha encantada
Informação de outro título da colecção  primeiros leitores
Nome de uma parte ou secção Cantar de galo
210 ## - Publicação, Distribuição, etc. 
Lugar da edição, distribuição, etc. Rio de Mouro
Nome do editor, distribuidor, etc. Everest
Data da publicação, distribuição, etc. imp. 2001
606 ## - Nome comum usado como assunto
Número de registo de entrada de autoridade 0000029
Palavra de ordem Literatura portuguesa infantil
Subdivisão de assunto Conto
675 ## - Classificação Decimal Universal (CDU)
Notação 821.134.3-34
Edição
Língua da edição por
702 #1 - Nome de autor-pessoa física (responsabilidade secundária)
Número de registo de entrada de autoridade 0000931
Palavra de ordem Corte Real
Outra parte do nome não tomada para palavra de ordem Miguel
Código de função Ilustrador / Técnico de desenho computorizado
Número de registo de entrada de autoridade 0000932
Palavra de ordem Cabral
Outra parte do nome não tomada para palavra de ordem Miguel
Código de função Ilustrador / Técnico de desenho computorizado
Número de registo de entrada de autoridade 0000933
Palavra de ordem Micky
Código de função Ilustrador / Técnico de desenho computorizado
700 #0 - Nome de autor-pessoa física (responsabilidade principal)
Número de registo de entrada de autoridade 0000930
Palavra de ordem Zacarias
942 ## - Elementos de entrada adicionados (Koha)
Tipo de item no Koha Livro
Exemplares
Situação do levantamento Origin of item (home branch) (coded) Biblioteca de empréstimo Código de barras Cota Circulation type (not for loan) Tipo de documento Nota do exemplar Damaged status
  Biblioteca Escolar da Coca Maravilhas Biblioteca Escolar da Coca Maravilhas BECM5726/02 8POR ZAC   Livro Sem mensagem